Top 30 best movies Quiz Stats

 Plays Quiz not verified by Sporcle

Challenge
Share
Tweet
Embed
Score 0/30 Timer 08:00
0 Plays Today
Hint Answer % Correct
The Godfather
85.4%
Casablanca
85.4%
Citizen Kane
72.9%
Gone With the Wind
54.2%
Psycho
50%
Schindlers List
45.8%
The Wizard of Oz
41.7%
Star Wars
41.7%
Raging Bull
41.7%
E T
39.6%
Lawrence of Arabia
35.4%
On the Waterfront
35.4%
One Flew over the Cuckoos nest
33.3%
Apocalypse Now
31.3%
Its a wonderful Life
29.2%
Hint Answer % Correct
Some like it Hot
29.2%
Chinatown
27.1%
All about Eve
25%
Dr Strangelove
25%
Sunset Boulevard
20.8%
2001 A Space Odyssey
20.8%
The Maltese falcon
20.8%
Bridge on the River Kwai
18.8%
Singing in the Rain
16.7%
The African Queen
16.7%
Mr Smith goes to Washington
16.7%
The grapes of Wrath
14.6%
The Graduate
12.5%
The General
10.4%
Bonnie and Clyde
8.3%

You're not logged in!

Compare scores with friends on all Sporcle quizzes.
Join for Free
OR
Log In

You Might Also Like...

Show Comments

Extras

Created Dec 4, 2015ReportNominate
Tags:100, afi

Top Quizzes Today


Score Distribution

Your Account Isn't Verified!

In order to create a playlist on Sporcle, you need to verify the email address you used during registration. Go to your Sporcle Settings to finish the process.

Report this User

Report this user for behavior that violates our Community Guidelines.

Details: